Heat conduction (Record no. 299778)

000 -LEADER
fixed length control field 00262 a2200121 4500
001 - CONTROL NUMBER
control field 64705
082 ## - DEWEY DECIMAL CLASSIFICATION NUMBER
Classification number 536.23 OZI
090 ## - LOCALLY ASSIGNED LC-TYPE CALL NUMBER (OCLC); LOCAL CALL NUMBER (RLIN)
-- 38279
-- 38279
100 ## - MAIN ENTRY--PERSONAL NAME
Personal name Ozisik, M. N.
245 ## - TITLE STATEMENT
Title Heat conduction
260 ## - PUBLICATION, DISTRIBUTION, ETC.
Place of publication, distribution, etc. NY
Name of publisher, distributor, etc. John Wiley
Date of publication, distribution, etc. 1980
300 ## - PHYSICAL DESCRIPTION
Extent xv, 687 p
942 ## - ADDED ENTRY ELEMENTS (KOHA)
Institution code [OBSOLETE] NUST CAE
Call number prefix 536.23 OZI
Holdings
Withdrawn status Lost status Damaged status Not for loan Collection code Permanent Location Current Location Date acquired Total Checkouts Full call number Barcode Date last seen Price effective from Koha item type
          College of Aeronautical Engineering (CAE) College of Aeronautical Engineering (CAE) 04/03/2017   536.23 OZI CAEN-2738 04/05/2017 04/05/2017 Book
          College of Aeronautical Engineering (CAE) College of Aeronautical Engineering (CAE) 04/03/2017   536.23 OZI CAEN-2747 04/05/2017 04/05/2017 Book
          College of Aeronautical Engineering (CAE) College of Aeronautical Engineering (CAE) 04/03/2017   536.23 OZI CAEN-2746 04/05/2017 04/05/2017 Book
          College of Aeronautical Engineering (CAE) College of Aeronautical Engineering (CAE) 04/03/2017   536.23 OZI CAEN-2745 04/05/2017 04/05/2017 Book
          College of Aeronautical Engineering (CAE) College of Aeronautical Engineering (CAE) 04/03/2017   536.23 OZI CAEN-2744 04/05/2017 04/05/2017 Book
          College of Aeronautical Engineering (CAE) College of Aeronautical Engineering (CAE) 04/03/2017   536.23 OZI CAEN-2743 04/05/2017 04/05/2017 Book
          College of Aeronautical Engineering (CAE) College of Aeronautical Engineering (CAE) 04/03/2017   536.23 OZI CAEN-2742 04/05/2017 04/05/2017 Book
          College of Aeronautical Engineering (CAE) College of Aeronautical Engineering (CAE) 04/03/2017   536.23 OZI CAEN-2741 04/05/2017 04/05/2017 Book
          College of Aeronautical Engineering (CAE) College of Aeronautical Engineering (CAE) 04/03/2017   536.23 OZI CAEN-2740 04/05/2017 04/05/2017 Book
          College of Aeronautical Engineering (CAE) College of Aeronautical Engineering (CAE) 04/03/2017   536.23 OZI CAEN-2739 04/05/2017 04/05/2017 Book
© 2023 Central Library, National University of Sciences and Technology. All Rights Reserved.